ბათუმის შოთა რუსთაველის სახელმწიფო უნივერსიტეტის ბიბლიოთეკა

Finicial Management For the Hospitality Industry / (ბიბ.ჩანაწერი № 45347)

000 -LEADER
fixed length control field 00899nam a2200241Ia 4500
001 - CONTROL NUMBER
control field 12171
003 - CONTROL NUMBER IDENTIFIER
control field GE_BSU
005 - DATE AND TIME OF LATEST TRANSACTION
control field 20221118120017.0
008 - FIXED-LENGTH DATA ELEMENTS--GENERAL INFORMATION
fixed length control field 181216s2007en xx |||||||||||||| ||eng||
020 ## - INTERNATIONAL STANDARD BOOK NUMBER
International Standard Book Number 0131179098 x
040 ## - CATALOGING SOURCE
Transcribing agency GE_BSU
041 ## - LANGUAGE CODE
Language code of text/sound track or separate title eng
080 ## - UNIVERSAL DECIMAL CLASSIFICATION NUMBER
Universal Decimal Classification number 336.131+005.915 A-55
100 ## - MAIN ENTRY--PERSONAL NAME
Personal name Andrew,William P.
9 (RLIN) 15922
245 ## - TITLE STATEMENT
Title Finicial Management For the Hospitality Industry /
Statement of responsibility, etc. P. William Andrew, W. James Damito, S. Raymond schmidgall.
264 ## - PRODUCTION, PUBLICATION, DISTRIBUTION, MANUFACTURE, AND COPYRIGHT NOTICE
Place of production, publication, distribution, manufacture Singapore :
Name of producer, publisher, distributor, manufacturer Pearson Prentice Hall,
Date of production, publication, distribution, manufacture, or copyright notice 2007.
300 ## - PHYSICAL DESCRIPTION
Extent 636 p.:
Other physical details 23 cm.
653 ## - INDEX TERM--UNCONTROLLED
keyword Finicial Management For the Hospitality Industry.
653 ## - INDEX TERM--UNCONTROLLED
keyword ფინანსური მენეჯმენტი სტუმართმოყვარეობის ინდუსტრიისთვის.
700 ## - ADDED ENTRY--PERSONAL NAME
Personal name Damito, James W.
9 (RLIN) 15923
700 ## - ADDED ENTRY--PERSONAL NAME
Personal name Schmidgall, Raymond S.
9 (RLIN) 15924
942 ## - ADDED ENTRY ELEMENTS (KOHA)
Koha item type წიგნი
Source of classification or shelving scheme
ეგზემპლარები
Withdrawn status Lost status Source of classification or shelving scheme Damaged status Not for loan Permanent Location Current Location Shelving location Date acquired Cost, normal purchase price Full call number Barcode Date last seen Copy number Price effective from Koha item type Public note
          ბათუმის შოთა რუსთაველის სახელმწიფო უნივერსიტეტის მთავარი ბიბლიოთეკა ბათუმის შოთა რუსთაველის სახელმწიფო უნივერსიტეტის მთავარი ბიბლიოთეკა წიგნსაცავი 2018-12-17 222.00 336.131+005.915 A-55 36068 2018-12-17 36068 2018-12-17 წიგნი 222g.